000 01221cam a2200325 4500
005 20160801121346.0
008 081222s2005 sp 000 0 spa u
020 _a8430605991
050 0 4 _aDP202 .A2
_bP76 2006
245 0 0 _aProgresistas :
_bbiografías de reformistas españoles (1808-1939) /
_ced. y presentación de Javier Moreno Luzón ; Rosa María Capel Martínez ... [et al.].
250 _a1a ed.
260 _aMadrid :
_bFundación Pablo Iglesias,
_c2005
300 _a478 p. :
_bil. ;
_c24 cm.
490 0 _aHistoria
504 _aIncluye bibliografía e índice
506 _aRec. Esc.
651 7 _2Lemb
_aEspaña
_xPolítica y gobierno
_ySiglo XIX
651 7 _2Lemb
_aEspaña
_xPolítica y gobierno
_ySiglo XX
700 1 _aMoreno Luzón, Javier,
_eed.
700 1 _aCapel Martínez, Rosa María,
_eed.
700 1 _aDardé, Carlos,
_eed.
700 1 _aMartínez López, Fernando,
_eed.
700 1 _aMartorell Linares, Miguel,
_eed.
700 1 _aMoradiellos, Enrique,
_eed.
700 1 _aRomeo Mateo, María Cruz,
_eed.
700 1 _aSuárez Cortina, Manuel,
_eed.
700 1 _aVarela Suanzes-Carpegna, Joaquín,
_eed.
700 1 _aZapatero, Virgilio,
_eed.
942 _2lcc
_cLIB
999 _c60395
_d60395